[Event "RB-2012-0-00189"]
[Site "LSS email"]
[Date "2012.08.27"]
[Round "?"]
[White "Windheim, Charles"]
[Black "Antonov, Ivan Georgievich"]
[Result "1/2-1/2"]
[WhiteElo "1932"]
[BlackElo "1714"]
[PlyCount "32"]
[EventDate "2012.07.13"]
[EventType "tourn (corr)"]
[EventRounds "6"]
[EventCountry "GER"]
[SourceTitle "Corr 2015"]
[Source "ChessBase"]
[SourceDate "2015.07.17"]
[SourceVersion "1"]
[SourceVersionDate "2015.07.17"]
[SourceQuality "1"]

1. e4 c6 2. d4 d5 3. exd5 cxd5 4. Bd3 Nc6 5. c3 Qc7 6. Ne2 Bg4 7. f3 Bd7 8. Bf4 e5 9. dxe5 Nxe5 10. Bc2 Nf6 11. 0-0 Bc5+ 12. Kh1 0-0 13. a4 a6 14. Nd2 h6 15. Nb3 Bd6 16. Qc1 Rfe8 1/2-1/2

[Event "RB-2012-0-00189"]
[Site "LSS email"]
[Date "2012.08.27"]
[Round "?"]
[White "Windheim, Charles"]
[Black "Kobryn, Wieslaw"]
[Result "1/2-1/2"]
[WhiteElo "1932"]
[BlackElo "1877"]
[PlyCount "74"]
[EventDate "2012.07.13"]
[EventType "tourn (corr)"]
[EventRounds "6"]
[EventCountry "GER"]
[SourceTitle "Telechess CBM 165"]
[Source "ChessBase"]
[SourceDate "2015.03.11"]
[SourceVersion "1"]
[SourceVersionDate "2015.03.11"]
[SourceQuality "1"]

1. e4 c5 2. Nf3 Nc6 3. d4 cxd4 4. Nxd4 Nf6 5. Nc3 e5 6. Ndb5 d6 7. Nd5 Nxd5 8. exd5 Nb8 9. a4 Be7 10. Be2 0-0 11. 0-0 a6 12. Na3 Nd7 13. Nc4 b6 14. Be3 f5 15. f4 e4 16. Bd4 a5 17. Ra3 Nc5 18. Rg3 Bf6 19. Bxf6 Rxf6 20. b3 h6 21. Ne3 Kh7 22. Qd4 Qe7 23. Rh3 Rf8 24. Bb5 Bd7 25. Be2 Be8 26. Rd1 Rd8 27. Nc4 Rb8 28. Rg3 Rf6 29. Re1 Qb7 30. Ne3 Rc8 31. Rb1 Qa7 32. Ra1 Qd7 33. Re1 Qe7 34. Qd2 Qb7 35. Qd4 Qe7 36. Qd2 Qb7 37. Qd4 Qe7 1/2-1/2

[Event "RB-2012-0-00180"]
[Site "LSS email"]
[Date "2012.06.02"]
[Round "?"]
[White "Tyutyunnik, Roman"]
[Black "Windheim, Charles"]
[Result "0-1"]
[WhiteElo "1861"]
[BlackElo "1936"]
[PlyCount "116"]
[EventDate "2012.04.28"]
[EventType "tourn (corr)"]
[EventRounds "6"]
[EventCountry "GER"]
[SourceTitle "Telechess CBM 153"]
[Source "ChessBase"]
[SourceDate "2013.03.14"]
[SourceVersion "1"]
[SourceVersionDate "2013.03.14"]
[SourceQuality "1"]

1. e4 c5 2. Nf3 g6 3. d4 cxd4 4. Qxd4 Nf6 5. Nc3 Nc6 6. Qa4 d6 7. e5 dxe5 8. Nxe5 Qd4 9. Qxd4 Nxd4 10. Bd3 Bf5 11. Nb5 Bxd3 12. Nc7+ Kd8 13. Nxa8 Nxc2+ 14. Kd2 Bf5 15. Nxf7+ Kc8 16. Nxh8 Nxa1 17. Nf7 Bg7 18. Ke2 Nc2 19. Rd1 Nd7 20. Bf4 Bxb2 21. Nc7 Nd4+ 22. Kd2 Nb6 23. Ne5 g5 24. Bg3 Bc2 25. Rh1 Be4 26. f3 Bf5 27. Rd1 h5 28. h3 Bh7 29. Bh2 h4 30. Ke3 Nf5+ 31. Ke2 Bg8 32. Nd3 Bc4 33. Kd2 Bd4 34. Re1 Na4 35. Re4 Nc3 36. Rg4 Nb1+ 37. Ke2 b5 38. Rxg5 Nc3+ 39. Ke1 Bxd3 40. Ne6 Be3 41. Bf4 Bxf4 42. Nxf4 Bb1 43. a3 Kd7 44. Kd2 Na2 45. Nd3 Nd6 46. Ne5+ Ke6 47. Nc6 Nc4+ 48. Ke1 Nxa3 49. Rg4 Kd7 50. Na5 Bc2 51. Rxh4 b4 52. Rd4+ Kc7 53. Kd2 b3 54. Nc4 Nxc4+ 55. Rxc4+ Kd6 56. Rd4+ Kc5 57. Rd7 a5 58. g4 Nb4 0-1

[Event "RB-2012-0-00166"]
[Site "LSS email"]
[Date "2012.02.06"]
[Round "?"]
[White "Windheim, Charles"]
[Black "Panov, Sergey Ivanovich"]
[Result "1/2-1/2"]
[WhiteElo "1935"]
[BlackElo "1885"]
[PlyCount "50"]
[EventDate "2012.01.11"]
[EventType "tourn (corr)"]
[EventRounds "6"]
[EventCountry "GER"]
[SourceTitle "Telechess CBM 155"]
[Source "ChessBase"]
[SourceDate "2013.07.16"]
[SourceVersion "1"]
[SourceVersionDate "2013.07.16"]
[SourceQuality "1"]

1. e4 e5 2. Nf3 Nc6 3. d4 exd4 4. Bc4 Nf6 5. e5 d5 6. Bb5 Ne4 7. Nxd4 Bd7 8. Bxc6 bxc6 9. 0-0 Bc5 10. f3 Ng5 11. f4 Ne4 12. Be3 Bb6 13. Nd2 Nxd2 14. Qxd2 c5 15. Nb3 d4 16. Bf2 a5 17. Qd3 Bc6 18. c4 0-0 19. Nd2 f5 20. a4 Qe8 21. Rfe1 Qg6 22. Bg3 Ba7 23. b3 Rfe8 24. Re2 Rab8 25. Rae1 Re6 1/2-1/2

[Event "RB-2012-0-00166"]
[Site "LSS email"]
[Date "2012.02.04"]
[Round "?"]
[White "Windheim, Charles"]
[Black "Morcin, Tom"]
[Result "1/2-1/2"]
[WhiteElo "1935"]
[BlackElo "1999"]
[PlyCount "124"]
[EventDate "2012.01.11"]
[EventType "tourn (corr)"]
[EventRounds "6"]
[EventCountry "GER"]
[SourceTitle "Telechess CBM 155"]
[Source "ChessBase"]
[SourceDate "2013.07.16"]
[SourceVersion "1"]
[SourceVersionDate "2013.07.16"]
[SourceQuality "1"]

1. e4 c5 2. Nf3 d6 3. d4 cxd4 4. Nxd4 g6 5. Nc3 Nf6 6. Be3 Bg7 7. f3 0-0 8. Qd2 a6 9. g4 Nc6 10. 0-0-0 Bd7 11. Kb1 Rb8 12. h4 h5 13. g5 Ne8 14. f4 Nc7 15. f5 Ne5 16. Bd3 b5 17. Rhf1 Qc8 18. f6 Bh8 19. fxe7 Re8 20. Nf5 b4 21. Nh6+ Kh7 22. Ne2 Rxe7 23. Nd4 Bh3 24. Rf6 Rd7 25. Qh2 Bg4 26. Rg1 Be6 27. Rgf1 Bxf6 28. gxf6 b3 29. axb3 Bxb3 30. Nhf5 Ne6 31. cxb3 Nxd3 32. Nxe6 fxe6 33. Nxd6 Qc7 34. e5 Qa5 35. Nc4 Qd5 36. Rd1 Qf3 37. Qh1 Qxh1 38. Rxh1 Rxb3 39. Rf1 Rb8 40. Kc2 Rc8 41. f7 Rxc4+ 42. Kb3 Rxf7 43. Rxf7+ Kg8 44. Rd7 Nxe5 45. Rd8+ Kf7 46. Bg5 a5 47. Ra8 a4+ 48. Ka3 Nf3 49. Ra7+ Ke8 50. Rg7 Nxh4 51. Re7+ Kf8 52. Rxe6 Rg4 53. Bxh4 Rxh4 54. Rxg6 Rg4 55. Rc6 Kg7 56. b4 axb3 57. Kxb3 Rg1 58. Kb2 h4 59. Rc4 h3 60. Rh4 Rh1 61. Rg4+ Kf6 62. Rg3 Kf5 1/2-1/2

[Event "RB-2011-0-00157"]
[Site "LSS email"]
[Date "2011.12.22"]
[Round "?"]
[White "Windheim, Charles"]
[Black "De Waele, Willy"]
[Result "1/2-1/2"]
[WhiteElo "1935"]
[BlackElo "1969"]
[PlyCount "58"]
[EventDate "2011.11.26"]
[EventType "tourn (corr)"]
[EventRounds "6"]
[EventCountry "GER"]
[SourceTitle "Telechess CBM 155"]
[Source "ChessBase"]
[SourceDate "2013.07.16"]
[SourceVersion "1"]
[SourceVersionDate "2013.07.16"]
[SourceQuality "1"]

1. e4 c5 2. Nf3 d6 3. d4 cxd4 4. Nxd4 Nf6 5. Nc3 a6 6. Be2 e5 7. Nb3 Be7 8. 0-0 0-0 9. Be3 Be6 10. f4 exf4 11. Rxf4 Nc6 12. Nd4 Ne5 13. Qd2 Rc8 14. Rd1 Nc4 15. Bxc4 Rxc4 16. Qd3 Qc8 17. Rdf1 Bd8 18. Nf5 Bxf5 19. Rxf5 Ng4 20. Bd4 g6 21. Rd5 Ne5 22. Qd1 Rc6 23. Kh1 Nc4 24. Qc1 f6 25. a4 Rf7 26. h3 Rf8 27. Rd1 Re8 28. Qa1 Re6 29. a5 Qc7 1/2-1/2

[Event "RB-2011-0-00157"]
[Site "LSS email"]
[Date "2011.12.22"]
[Round "?"]
[White "Windheim, Charles"]
[Black "Silva Filho, Alcindo Luz Bastos"]
[Result "1/2-1/2"]
[WhiteElo "1935"]
[BlackElo "2079"]
[PlyCount "136"]
[EventDate "2011.11.26"]
[EventType "tourn (corr)"]
[EventRounds "6"]
[EventCountry "GER"]
[SourceTitle "Telechess CBM 155"]
[Source "ChessBase"]
[SourceDate "2013.07.16"]
[SourceVersion "1"]
[SourceVersionDate "2013.07.16"]
[SourceQuality "1"]

1. e4 c5 2. Nf3 Nc6 3. d4 cxd4 4. Nxd4 e6 5. Nc3 Qc7 6. Be3 a6 7. Bd3 Nf6 8. 0-0 Bd6 9. h3 b5 10. Qe1 Bb7 11. f4 Nxd4 12. Bxd4 Bxf4 13. e5 Nh5 14. g4 d6 15. gxh5 dxe5 16. Rxf4 exf4 17. Qe5 Qxe5 18. Bxe5 f6 19. Bxf4 Rc8 20. Rf1 Rc5 21. h6 gxh6 22. Kh2 Rg8 23. Rf2 f5 24. Bxh6 Rc7 25. Ne2 Rd7 26. Ng3 Bc6 27. Bf4 Rd5 28. Bd2 Rd4 29. b3 Rh4 30. Bc1 Kd7 31. Bb2 Rh6 32. Be5 Rhg6 33. Be2 Rc8 34. Nh5 Ke7 35. Nf4 Rg5 36. h4 Rgg8 37. Nh5 Rg6 38. Ng3 a5 39. Bf4 a4 40. Bh5 Rgg8 41. Re2 Be4 42. Nxe4 fxe4 43. Be3 Rc6 44. Rd2 Rgc8 45. Bg5+ Kf8 46. Rf2+ Kg7 47. Bf6+ Kh6 48. Bd1 Rg8 49. Be5 Rc5 50. Bd4 Rd5 51. Be3+ Kg7 52. Bg4 Re8 53. Kg3 axb3 54. cxb3 Rd3 55. Kf4 Rf8+ 56. Kxe4 Rxf2 57. Bxf2 Rd2 58. Bd4+ Kf7 59. a4 bxa4 60. bxa4 Ke7 61. Ke5 Ra2 62. Bc5+ Ke8 63. Bd1 Kd7 64. Bb6 Ra1 65. Bc2 Ra2 66. Bd3 Rh2 67. h5 Rxh5+ 68. Kd4 Kc6 1/2-1/2

[Event "RB-2011-0-00157"]
[Site "LSS email"]
[Date "2011.12.21"]
[Round "?"]
[White "Andersson, Soren O"]
[Black "Windheim, Charles"]
[Result "0-1"]
[WhiteElo "1752"]
[BlackElo "1935"]
[PlyCount "60"]
[EventDate "2011.11.26"]
[EventType "tourn (corr)"]
[EventRounds "6"]
[EventCountry "GER"]
[SourceTitle "Telechess CBM 155"]
[Source "ChessBase"]
[SourceDate "2013.07.16"]
[SourceVersion "1"]
[SourceVersionDate "2013.07.16"]
[SourceQuality "1"]

1. e4 c5 2. Nf3 g6 3. c4 Bg7 4. d4 Qa5+ 5. Nc3 Nf6 6. Bd3 cxd4 7. Nxd4 Nh5 8. Be3 Nc6 9. Nde2 d6 10. 0-0 0-0 11. h3 Bd7 12. a3 Ne5 13. f4 Nxd3 14. Qxd3 Rac8 15. c5 Rfd8 16. cxd6 exd6 17. f5 Be5 18. Bd4 Bc6 19. g4 Ng7 20. Rf2 Bxd4 21. Nxd4 Qe5 22. Raf1 d5 23. fxg6 fxg6 24. Nxc6 bxc6 25. exd5 cxd5 26. Re2 Qd6 27. Qf3 Kh8 28. Qf6 Qg3+ 29. Rg2 Qb8 30. Re1 Re8 0-1

[Event "RB-2011-0-00137"]
[Site "LSS email"]
[Date "2011.10.02"]
[Round "?"]
[White "Dehaybe, Andre"]
[Black "Windheim, Charles"]
[Result "1/2-1/2"]
[WhiteElo "2132"]
[BlackElo "1974"]
[PlyCount "57"]
[EventDate "2011.09.19"]
[EventType "tourn (corr)"]
[EventRounds "6"]
[EventCountry "GER"]
[SourceTitle "Telechess CBM 157"]
[Source "ChessBase"]
[SourceDate "2013.11.12"]
[SourceVersion "1"]
[SourceVersionDate "2013.11.12"]
[SourceQuality "1"]

1. d4 Nf6 2. Nf3 e6 3. e3 c5 4. c3 d5 5. Nbd2 Nc6 6. Bd3 b6 7. 0-0 Bb7 8. e4 Be7 9. exd5 Qxd5 10. Bc4 Qf5 11. dxc5 Qxc5 12. Qe2 Qh5 13. Bd3 Rd8 14. Ne4 0-0 15. Re1 Rd7 16. Ng3 Qc5 17. Rd1 h6 18. Be3 Qd6 19. Bh7+ Kxh7 20. Rxd6 Bxd6 21. Nd4 Nd5 22. Nh5 Nxe3 23. fxe3 Ne5 24. h3 Be4 25. a4 Bc7 26. Nf4 Rfd8 27. Rd1 Kg8 28. Re1 Kh7 29. Qb5 1/2-1/2

[Event "RB-2011-0-00137"]
[Site "LSS email"]
[Date "2011.10.02"]
[Round "?"]
[White "Janosi, Ervin"]
[Black "Windheim, Charles"]
[Result "1/2-1/2"]
[WhiteElo "2120"]
[BlackElo "1974"]
[PlyCount "87"]
[EventDate "2011.09.19"]
[EventType "tourn (corr)"]
[EventRounds "6"]
[EventCountry "GER"]
[SourceTitle "Telechess CBM 157"]
[Source "ChessBase"]
[SourceDate "2013.11.12"]
[SourceVersion "1"]
[SourceVersionDate "2013.11.12"]
[SourceQuality "1"]

1. d4 Nf6 2. c4 e6 3. Nc3 Bb4 4. e3 b6 5. Nge2 Ba6 6. a3 Bxc3+ 7. Nxc3 d5 8. b3 0-0 9. Be2 dxc4 10. bxc4 Nc6 11. 0-0 Na5 12. Qa4 Qd7 13. Qxd7 Nxd7 14. Nb5 c6 15. Nc7 Bxc4 16. Bxc4 Nxc4 17. Nxa8 Rxa8 18. Ra2 b5 19. Bd2 a5 20. Rc1 f6 21. Kf1 Kf7 22. a4 Ndb6 23. axb5 cxb5 24. Ke2 Ke7 25. Rb1 Nxd2 26. Kxd2 b4 27. e4 Nc4+ 28. Kd3 Na3 29. Rc1 Kd7 30. f4 a4 31. g4 g6 32. h3 h6 33. h4 Ra6 34. h5 gxh5 35. gxh5 Rc6 36. Rxc6 Kxc6 37. Rg2 b3 38. Kc3 Nc2 39. Rg3 Kd6 40. Rg8 Ne3 41. Rg1 Nc2 42. Rd1 Kc6 43. Rd3 Kd7 44. Rd2 1/2-1/2

[Event "RB-2011-0-00137"]
[Site "LSS email"]
[Date "2011.10.02"]
[Round "?"]
[White "Windheim, Charles"]
[Black "Korchut, Adam"]
[Result "1/2-1/2"]
[WhiteElo "1974"]
[BlackElo "1836"]
[PlyCount "73"]
[EventDate "2011.09.19"]
[EventType "tourn (corr)"]
[EventRounds "6"]
[EventCountry "GER"]
[SourceTitle "Telechess CBM 157"]
[Source "ChessBase"]
[SourceDate "2013.11.12"]
[SourceVersion "1"]
[SourceVersionDate "2013.11.12"]
[SourceQuality "1"]

1. e4 e5 2. Nf3 Nf6 3. Nxe5 d6 4. Nf3 Nxe4 5. Nc3 Nxc3 6. dxc3 Be7 7. Be3 Nd7 8. Qd2 0-0 9. 0-0-0 Ne5 10. Be2 Ng4 11. Bd4 c5 12. h3 cxd4 13. hxg4 dxc3 14. Qxc3 Bxg4 15. Qd3 g6 16. Nd4 Bxe2 17. Nxe2 Qb6 18. Qf3 Qc6 19. Qh3 h5 20. g4 h4 21. f4 Rac8 22. c3 Qe4 23. g5 Kg7 24. Qxh4 Rh8 25. Qe1 d5 26. Rxh8 Rxh8 27. Qf2 a5 28. Qd4+ Qxd4 29. Rxd4 Rd8 30. Rd2 f6 31. Nd4 Kf7 32. Rh2 fxg5 33. Rh7+ Ke8 34. Ne6 Rd6 35. Nxg5 Rf6 36. Nh3 b5 37. Kc2 1/2-1/2

[Event "RA-2011-0-00145"]
[Site "LSS email"]
[Date "2011.08.11"]
[Round "?"]
[White "Husemann, Andreas"]
[Black "Windheim, Charles"]
[Result "1-0"]
[WhiteElo "2071"]
[BlackElo "1989"]
[PlyCount "91"]
[EventDate "2011.07.14"]
[EventType "tourn (corr)"]
[EventRounds "6"]
[EventCountry "GER"]
[SourceTitle "Telechess CBM 151"]
[Source "ChessBase"]
[SourceDate "2012.11.13"]
[SourceVersion "1"]
[SourceVersionDate "2012.11.13"]
[SourceQuality "1"]

1. d4 Nf6 2. c4 e6 3. Nc3 Bb4 4. e3 b6 5. Bd3 Bb7 6. Nf3 0-0 7. 0-0 c5 8. Na4 cxd4 9. exd4 Re8 10. a3 Bf8 11. b4 d6 12. Bb2 Nbd7 13. Re1 Rc8 14. Nc3 a6 15. h3 g6 16. Rc1 Bh6 17. Rc2 e5 18. d5 Nh5 19. Ne4 Bf8 20. Bf1 f5 21. Neg5 Ng7 22. Ne6 Nxe6 23. dxe6 Nf6 24. c5 bxc5 25. bxc5 Rxe6 26. c6 Bxc6 27. Bxa6 Bxf3 28. Rxc8 Qa5 29. Be2 Bd5 30. Bc1 f4 31. Qd2 Qa7 32. Qb4 Kf7 33. Rf1 Be7 34. Bb2 g5 35. a4 f3 36. Bxf3 Bxf3 37. gxf3 h5 38. Rfc1 g4 39. fxg4 hxg4 40. R1c3 d5 41. R8c7 Kg6 42. Qb3 Qd4 43. R3c6 Rxc6 44. Bxd4 Rxc7 45. Bxe5 Rc5 46. hxg4 1-0

[Event "RA-2011-0-00145"]
[Site "LSS email"]
[Date "2011.08.11"]
[Round "?"]
[White "Sukhorskij, Vladimir Stanislavo"]
[Black "Windheim, Charles"]
[Result "1/2-1/2"]
[WhiteElo "2127"]
[BlackElo "1989"]
[PlyCount "57"]
[EventDate "2011.07.14"]
[EventType "tourn (corr)"]
[EventRounds "6"]
[EventCountry "GER"]
[SourceTitle "Telechess CBM 151"]
[Source "ChessBase"]
[SourceDate "2012.11.13"]
[SourceVersion "1"]
[SourceVersionDate "2012.11.13"]
[SourceQuality "1"]

1. e4 c5 2. Nc3 g6 3. Nf3 Bg7 4. d4 cxd4 5. Nxd4 Nc6 6. Be3 Nf6 7. Bc4 0-0 8. Bb3 a5 9. f3 d5 10. Bxd5 Nxd5 11. Nxd5 f5 12. Nxc6 bxc6 13. Nb6 Rb8 14. Qxd8 Rxd8 15. Rd1 Rxd1+ 16. Kxd1 fxe4 17. Nxc8 Rxc8 18. c3 exf3 19. gxf3 Rf8 20. Rf1 Rf5 21. Rf2 Rd5+ 22. Rd2 Rh5 23. Bf4 Rf5 24. Bc7 Kf7 25. Rd3 a4 26. Bg3 g5 27. Re3 h5 28. h3 e6 29. Kc2 1/2-1/2

[Event "RA-2011-0-00145"]
[Site "LSS email"]
[Date "2011.08.11"]
[Round "?"]
[White "Windheim, Charles"]
[Black "Lund, Jens Dahlen"]
[Result "1/2-1/2"]
[WhiteElo "1989"]
[BlackElo "2105"]
[PlyCount "100"]
[EventDate "2011.07.14"]
[EventType "tourn (corr)"]
[EventRounds "6"]
[EventCountry "GER"]
[SourceTitle "Telechess CBM 151"]
[Source "ChessBase"]
[SourceDate "2012.11.13"]
[SourceVersion "1"]
[SourceVersionDate "2012.11.13"]
[SourceQuality "1"]

1. e4 e5 2. Nf3 Nc6 3. d4 exd4 4. Bc4 Nf6 5. e5 d5 6. Bb5 Ne4 7. Nxd4 Bd7 8. Bxc6 bxc6 9. 0-0 Bc5 10. f3 Ng5 11. f4 Ne4 12. Be3 Rb8 13. Qd3 Be7 14. Nb3 Bf5 15. Bxa7 Rb7 16. Bd4 c5 17. Nxc5 Bxc5 18. Bxc5 Nxc5 19. Qxf5 Rxb2 20. Qh3 Rxc2 21. Na3 Rd2 22. Qe3 Ne4 23. Nb1 Rc2 24. Qd3 Rc4 25. Nd2 Nxd2 26. Qxd2 Qa8 27. a4 Qa7+ 28. Kh1 Rxa4 29. Rxa4 Qxa4 30. Qxd5 0-0 31. e6 c6 32. exf7+ Rxf7 33. Qe6 g6 34. g3 Qc2 35. Ra1 Kg7 36. Qe5+ Kh6 37. Qe3 Qf5 38. Rc1 Rd7 39. Kg1 Rd3 40. Qe5 Qg4 41. Ra1 Rd5 42. Qe7 Rd1+ 43. Rxd1 Qxd1+ 44. Kf2 Qd2+ 45. Qe2 Qd5 46. g4 Kg7 47. Qe1 Kf7 48. Qc3 c5 49. Qh8 Qd2+ 50. Kg3 Qe3+ 1/2-1/2

[Event "RB-2011-0-00116"]
[Site "LSS email"]
[Date "2011.06.09"]
[Round "?"]
[White "Ilyin, Igor"]
[Black "Windheim, Charles"]
[Result "0-1"]
[WhiteElo "1841"]
[BlackElo "1919"]
[PlyCount "120"]
[EventDate "2011.04.21"]
[EventType "tourn (corr)"]
[EventRounds "6"]
[EventCountry "GER"]
[SourceTitle "Telechess CBM 145"]
[Source "Chessbase"]
[SourceDate "2011.11.11"]
[SourceVersion "1"]
[SourceVersionDate "2011.11.11"]
[SourceQuality "1"]

1. d4 Nf6 2. c4 e6 3. Nc3 Bb4 4. Nf3 b6 5. Bg5 h6 6. Bh4 g5 7. Bg3 Ne4 8. Qc2 Bb7 9. e3 Bxc3+ 10. bxc3 Nxg3 11. hxg3 h5 12. Bd3 Qe7 13. Rb1 g4 14. Nh4 d6 15. 0-0 Nc6 16. Rfd1 0-0-0 17. Be4 Na5 18. Bxb7+ Kxb7 19. Rb4 d5 20. c5 Nc4 21. e4 Rhe8 22. Rdb1 Qd7 23. Qd3 Ka8 24. a4 bxc5 25. dxc5 Qc6 26. exd5 Ne5 27. Qe3 exd5 28. Qd4 Nd7 29. Nf5 Qxc5 30. Qg7 Ne5 31. R4b3 Qc6 32. Qg5 Nc4 33. Nd4 Qd7 34. Qh6 Nd6 35. a5 a6 36. Rb4 Rg8 37. Ne2 Rg6 38. Qxh5 Ne4 39. Nf4 Rd6 40. Ne2 f5 41. Nd4 Nxc3 42. R1b3 Ne4 43. Nxf5 Rf6 44. Ne3 Qc6 45. Qe5 Qc1+ 46. Nf1 Qc5 47. Ne3 Rh6 48. Qb2 Rhh8 49. Rd4 Rh5 50. Nxg4 Rdh8 51. Kf1 Qe7 52. Re3 Qg5 53. Rdxe4 dxe4 54. Rxe4 Rb8 55. Qc3 Rh1+ 56. Ke2 Rc1 57. Qd4 Rd8 58. Qe5 Qd2+ 59. Kf3 Qd1+ 60. Kf4 Rf8+ 0-1

[Event "RB-2011-0-00116"]
[Site "LSS email"]
[Date "2011.06.07"]
[Round "?"]
[White "Windheim, Charles"]
[Black "Herzog, Klaus"]
[Result "1/2-1/2"]
[WhiteElo "1919"]
[BlackElo "1763"]
[PlyCount "71"]
[EventDate "2011.04.21"]
[EventType "tourn (corr)"]
[EventRounds "6"]
[EventCountry "GER"]
[SourceTitle "Telechess CBM 145"]
[Source "Chessbase"]
[SourceDate "2011.11.11"]
[SourceVersion "1"]
[SourceVersionDate "2011.11.11"]
[SourceQuality "1"]

1. e4 e5 2. Nf3 Nc6 3. d4 exd4 4. Bc4 Bc5 5. c3 Nf6 6. cxd4 Bb4+ 7. Bd2 Bxd2+ 8. Nbxd2 d5 9. exd5 Nxd5 10. Qb3 Nce7 11. 0-0 0-0 12. Rfe1 c6 13. Ne4 Nb6 14. Bd3 Bf5 15. Nc5 Bxd3 16. Qxd3 Rb8 17. g3 Re8 18. Ng5 g6 19. Qa3 a6 20. Qb3 Ned5 21. h4 Nd7 22. Qf3 Re7 23. Re2 N7f6 24. Rae1 Rxe2 25. Rxe2 h6 26. Nge4 Nxe4 27. Qxe4 h5 28. a3 a5 29. Kg2 b6 30. Nd3 Rc8 31. Ne5 Kg7 32. Qd3 Qd6 33. Kg1 Qe6 34. Nc4 Qd7 35. Qe4 Nf6 36. Qd3 1/2-1/2

[Event "RB-2011-0-00108"]
[Site "LSS email"]
[Date "2011.03.16"]
[Round "?"]
[White "Windheim, Charles"]
[Black "Dob, Gabor"]
[Result "1/2-1/2"]
[WhiteElo "1911"]
[BlackElo "1915"]
[PlyCount "140"]
[EventDate "2011.02.02"]
[EventType "tourn (corr)"]
[EventRounds "6"]
[EventCountry "GER"]
[SourceTitle "Telechess CBM 147"]
[Source "ChessBase"]
[SourceDate "2012.03.16"]
[SourceVersion "1"]
[SourceVersionDate "2012.03.16"]
[SourceQuality "1"]

1. e4 e6 2. d4 d5 3. Nc3 Nf6 4. Bg5 Bb4 5. exd5 Qxd5 6. Bxf6 Bxc3+ 7. bxc3 gxf6 8. Qd2 c5 9. Nf3 Nc6 10. Qe3 cxd4 11. cxd4 Rg8 12. c3 Qa5 13. Rb1 Kf8 14. g3 Ne7 15. Bg2 Nd5 16. Qh6+ Rg7 17. 0-0 Nxc3 18. Qd2 b6 19. Rb3 Nd5 20. Qxa5 bxa5 21. Ra3 Rb8 22. Rc1 Rg8 23. Rxa5 a6 24. Nd2 Ne7 25. Nb3 Kg7 26. Rc7 Re8 27. h4 Nd5 28. Bxd5 exd5 29. Kg2 Rb5 30. Rc6 Rxa5 31. Nxa5 Bf5 32. Nb7 Re2 33. Nd6 Be4+ 34. Nxe4 dxe4 35. Rxa6 Rd2 36. Kf1 Rxd4 37. Ra5 Rd3 38. a4 Rd2 39. Rb5 Ra2 40. a5 Kf8 41. h5 h6 42. Ke1 Ke7 43. g4 Kf8 44. Rf5 Ke7 45. Kd1 Ke6 46. Kc1 Re2 47. Kb1 e3 48. fxe3 Rxe3 49. Rb5 Re4 50. a6 Rxg4 51. Rb2 Rg1+ 52. Ka2 Rg5 53. Rb3 Rg8 54. a7 Ra8 55. Rb7 Kf5 56. Rxf7 Kg5 57. Kb3 Kxh5 58. Kc4 Kg5 59. Kc5 Kf5 60. Kc6 h5 61. Kb7 Re8 62. Rh7 Kg4 63. Rg7+ Kf4 64. Rg6 f5 65. Re6 Rg8 66. Rc6 h4 67. Rc8 Rg7+ 68. Rc7 Rg8 69. Rc4+ Kg3 70. Rc8 Rg7+ 1/2-1/2

[Event "RB-2011-0-00106"]
[Site "LSS email"]
[Date "2011.02.18"]
[Round "?"]
[White "Tsirakovsky, Sergey"]
[Black "Windheim, Charles"]
[Result "0-1"]
[WhiteElo "1838"]
[BlackElo "1921"]
[PlyCount "92"]
[EventDate "2011.01.05"]
[EventType "tourn (corr)"]
[EventRounds "6"]
[EventCountry "GER"]
[SourceTitle "Telechess CBM 145"]
[Source "Chessbase"]
[SourceDate "2011.11.11"]
[SourceVersion "1"]
[SourceVersionDate "2011.11.11"]
[SourceQuality "1"]

1. e4 c5 2. Nf3 g6 3. d4 cxd4 4. Nxd4 Nc6 5. Nc3 Bg7 6. Be3 Nf6 7. f3 0-0 8. Qd2 d5 9. 0-0-0 dxe4 10. Nxc6 Qxd2+ 11. Rxd2 bxc6 12. fxe4 Ng4 13. Bg5 f6 14. Bf4 e5 15. h3 exf4 16. hxg4 Bxg4 17. Bc4+ Kh8 18. Rd6 f3 19. gxf3 Bxf3 20. Rf1 Bg4 21. Rxc6 Rac8 22. Rxc8 Rxc8 23. b3 h5 24. Nd5 Rf8 25. Kd2 f5 26. Ne7 Rd8+ 27. Bd5 Bh6+ 28. Ke1 Kg7 29. Nc6 Re8 30. Nxa7 Bg5 31. Rh1 fxe4 32. Nb5 Bf3 33. Rh3 Bf4 34. Nd4 Bg4 35. Rh1 Bg3+ 36. Kf1 h4 37. Kg2 Rd8 38. c4 e3 39. a4 Rf8 40. Bf3 Bxf3+ 41. Nxf3 e2 42. Rc1 g5 43. a5 g4 44. Ne1 Rf2+ 45. Kg1 h3 46. Nd3 h2+ 0-1

[Event "LSS RB-2010-0-00104"]
[Site "LSS email"]
[Date "2011.02.03"]
[Round "?"]
[White "Oliveira, Diogo Luiz"]
[Black "Windheim, Charles"]
[Result "0-1"]
[WhiteElo "1980"]
[BlackElo "1921"]
[PlyCount "134"]
[EventDate "2010.12.06"]
[EventType "tourn (corr)"]
[EventRounds "6"]
[EventCountry "GER"]
[SourceTitle "Telechess CBM 145"]
[Source "Chessbase"]
[SourceDate "2011.11.11"]
[SourceVersion "1"]
[SourceVersionDate "2011.11.11"]
[SourceQuality "1"]

1. e4 c5 2. Nf3 g6 3. d4 cxd4 4. Nxd4 Nc6 5. Nc3 Bg7 6. Be3 Nf6 7. Bc4 0-0 8. Bb3 a5 9. 0-0 d6 10. Ndb5 b6 11. a4 Nb4 12. Bg5 Ba6 13. Qf3 h6 14. Be3 Nd7 15. Qh3 Kh7 16. f4 Nc5 17. Bxc5 dxc5 18. Rf2 Qc8 19. Qxc8 Raxc8 20. Bc4 Bxb5 21. Nxb5 Bxb2 22. Rd1 Bd4 23. Nxd4 Rfd8 24. Bxf7 cxd4 25. Bb3 Rc3 26. Rb1 Kg7 27. f5 gxf5 28. exf5 Kf6 29. Re2 Rd6 30. g4 Na6 31. Bg8 Nc5 32. Rbe1 Rd8 33. Ba2 Ra3 34. Bc4 Rxa4 35. Bd3 Rg8 36. h3 h5 37. Rb1 Rb4 38. Rxb4 axb4 39. Bc4 Rg7 40. Rg2 hxg4 41. hxg4 Ke5 42. Kf1 Rh7 43. Ke1 Rh1+ 44. Ke2 b3 45. Bxb3 d3+ 46. Kd2 Kd4 47. c3+ Ke5 48. Bc4 Rh3 49. Kc1 Ne4 50. Kb2 d2 51. Bb3 Rh1 52. g5 d1Q 53. Bxd1 Rxd1 54. f6 exf6 55. gxf6 Nxf6 56. Kb3 Rb1+ 57. Kc4 Ne4 58. Rg8 b5+ 59. Kd3 Rc1 60. Re8+ Kd5 61. Rd8+ Nd6 62. Kd2 Rh1 63. Kc2 Kc6 64. Kb3 Nb7 65. Rg8 Nc5+ 66. Kb2 Rh2+ 67. Ka3 Rh4 0-1